MDQL
is popping MORE tags! Check the
thread
!
Quizzes
Events
Quiz Creation
Community
Videos
Private Events
Remove Ads
Sign In
Join for FREE
Feedback
Dark Mode
Quiz Categories
Sports
Geography
Music
Movies
Television
Just For Fun
Miscellaneous
History
Literature
Language
Science
Gaming
Entertainment
Religion
Holiday
For Kids
Quiz Lab
Recent
Popular Today
Quiz Kudos Today
Editor Picks
Curator Picks
Quizzes by...
Day
Popularity
Type
Ratings
Length
Year
Community
Subscriptions
Recent Discussions
Orange Saloon
Badges
Playlists
Quests
Create
Leaderboards
Showdown
Live 5
Trivia Bingo
Activity
Puzzle Library
Sporcle Events
Private Events
Virtual Trivia
Globe League
Become a Host
Pub Owners
SporcleCon
Opinionation
Our Games
Videos
Blog
Mobile Apps
Partnerships
Remove Ads and Go Orange
Feedback
Music
Pop Music
The Beatles
Song
Album
Lyrics
Bands
Singers
Artist
Clip
Rock
Rap
Classical
Billboard
Country Music
Kpop
Taylor Swift
Music
Pop Music
The Beatles
Song
Album
Lyrics
Bands
Singers
Artist
Clip
Rock
Rap
Classical
Billboard
Country Music
Kpop
Taylor Swift
Random Quiz
Search Sporcle
×
Quiz Lab
Quiz Lab
Music
Pop Music
Type in answers that appear in a list
Type in answers that appear in a list
Classic
Best Score? Go Orange.
Saint raymond // come back to you lyrics Stats
Can you name the saint raymond // come back to you lyrics?
By
fxirycxkes
6m
273 Questions
11 Plays
11 Plays
11 Plays
Comments
Comments
Give Quiz Kudos
Give Quiz Kudos
-
- Ratings
hide this ad
Replay
Link that replays current quiz
Next Quiz
Link to next quiz in quiz playlist
You Got
0%
They Got
Avg Score
87%
Avg Friend Score
Upgrade to see
Score Distribution
Jump to the score distribution portion of the page
Score
0/273
Timer
06:00
0
Plays Today
lyric
% Correct
a
100%
on
100%
to
100%
you
100%
you
100%
i
100%
the
100%
i
100%
you
100%
the
100%
i
100%
i
100%
you
100%
you
100%
i
100%
the
100%
i
100%
come
100%
back
100%
come
100%
back
100%
to
100%
you
100%
to
100%
back
100%
i
100%
the
100%
i
100%
the
100%
i
100%
i
100%
i
100%
you
100%
still
100%
i
100%
the
100%
i
100%
come
100%
back
100%
come
100%
back
100%
back
100%
you
100%
come
100%
to
100%
on
100%
a
100%
still
100%
you
100%
i
100%
the
100%
i
100%
come
100%
back
100%
come
100%
back
100%
come
100%
back
100%
come
100%
back
100%
to
100%
you
100%
and
100%
still
100%
you
100%
i
100%
the
100%
i
100%
come
100%
back
100%
come
100%
back
100%
to
100%
you
100%
and
100%
still
100%
you
100%
i
100%
the
100%
i
100%
come
100%
back
100%
come
100%
back
100%
to
100%
you
100%
me
90.9%
in
90.9%
again
90.9%
always
90.9%
hold
90.9%
lyric
% Correct
me
90.9%
me
90.9%
in
90.9%
me
90.9%
out
90.9%
know
90.9%
with
90.9%
running
90.9%
with
90.9%
out
90.9%
coming
90.9%
dont
90.9%
me
90.9%
know
90.9%
dont
90.9%
know
90.9%
from
90.9%
me
90.9%
my
90.9%
dreams
90.9%
of
90.9%
is
90.9%
there
90.9%
something
90.9%
can
90.9%
do
90.9%
from
90.9%
always
90.9%
knew
90.9%
dont
90.9%
know
90.9%
again
90.9%
know
90.9%
with
90.9%
be
90.9%
running
90.9%
with
90.9%
out
90.9%
know
90.9%
coming
90.9%
dont
90.9%
know
90.9%
me
90.9%
dont
90.9%
know
90.9%
from
90.9%
me
90.9%
my
90.9%
heart
90.9%
dreams
90.9%
of
90.9%
is
90.9%
there
90.9%
something
90.9%
can
90.9%
do
90.9%
from
90.9%
always
90.9%
knew
90.9%
hold
90.9%
be
90.9%
me
90.9%
my
90.9%
can
90.9%
do
90.9%
is
90.9%
my
90.9%
heart
90.9%
dreams
90.9%
of
90.9%
is
90.9%
there
90.9%
something
90.9%
can
90.9%
do
90.9%
from
90.9%
always
90.9%
knew
90.9%
my
90.9%
heart
90.9%
dreams
90.9%
of
90.9%
is
90.9%
there
90.9%
something
90.9%
can
90.9%
do
90.9%
from
90.9%
always
90.9%
knew
90.9%
my
90.9%
lyric
% Correct
heart
90.9%
dreams
90.9%
of
90.9%
is
90.9%
there
90.9%
something
90.9%
can
90.9%
do
90.9%
from
90.9%
always
90.9%
knew
90.9%
pull
81.8%
once
81.8%
youve
81.8%
got
81.8%
only
81.8%
lights
81.8%
down
81.8%
saw
81.8%
lights
81.8%
saw
81.8%
it
81.8%
what
81.8%
start
81.8%
id
81.8%
your
81.8%
lights
81.8%
down
81.8%
lights
81.8%
what
81.8%
start
81.8%
id
81.8%
your
81.8%
start
81.8%
id
81.8%
start
81.8%
id
81.8%
start
81.8%
id
81.8%
now
72.7%
take
72.7%
just
72.7%
throw
72.7%
its
72.7%
cause
72.7%
see
72.7%
even
72.7%
why
72.7%
forgive
72.7%
want
72.7%
cause
72.7%
why
72.7%
im
72.7%
here
72.7%
into
72.7%
our
72.7%
old
72.7%
why
72.7%
forgive
72.7%
now
72.7%
want
72.7%
cause
72.7%
throw
72.7%
im
72.7%
cause
72.7%
feel
63.6%
body
63.6%
ways
63.6%
pretending
63.6%
everythings
63.6%
alright
63.6%
oh
63.6%
wont
63.6%
ill
63.6%
side
63.6%
life
63.6%
ill
63.6%
next
54.5%
mine
54.5%
slip
54.5%
by
54.5%
line
54.5%
we
54.5%
whats
45.5%
if
45.5%
wrong
45.5%
all
45.5%
put
36.4%
hands
36.4%
try
36.4%
up
18.2%
Quiz Playlist
Details
Report
Send in Message
Add To Playlist
Classic:
Type in answers that appear in a list
Last Updated: Feb 16, 2017
Quiz Scoreboard
CHALLENGE
Sign Up to Join the Scoreboard
Show All
Scores
Hide
Comments
May contain spoilers
Recently Published
5x2 Blitz: Bands
by SL_Kpop136
Music
30s
Colored Red Africa Blitz
by spor1
Geography
30s
Find the 'City' Movie
by crazypaving
Movies
60s
More to Explore
Quiz From the Vault
Featured Blog Post
14 Easter Pick-up Lines to Find Eggs With
hide this ad
You Might Also Like...
Tags
Pop Music Quiz
British
indie
Leeds Festival
Pop Culture
Raymond
Reading Festival
saint
Saints
Today's Top Quizzes in Music
Browse Music
hide this ad
Today's Top Quizzes in Pop Music
Browse Pop Music
Top Contributed Quizzes in Music
1
5X2 Blitz: Bands II
2
5X2 Blitz: The Beatles
3
Taylor Swift All Songs (2024)
4
5X2 Blitz: Billboard
5
Taylor Swift Logic Puzzle II
6
5X2 Blitz: Billboard II
7
Taylor Swift Logic Puzzle
8
5X2 Blitz: Rock
9
5X2 Blitz: Singers
10
5X2 Blitz: Album
Explore More
Trending Topics
Marvel
NBA
Crossword
Anime
Disney
Harry Potter
Kpop
Song
Puzzle
Soccer
WWE
Country
NFL
Pokémon
The Office
hide this ad
More By:
fxirycxkes
Quiz
Plays
Rating
Category
Featured
Created
match the 1975 lyrics to the song title
6,952
4.40
Music
Apr 1, 2016
the 1975 // somebody else lyrics
3,763
2.33
Music
Feb 24, 2016
Can you name the indie band from two of their songs?
463
3.00
Music
Feb 24, 2018
lost on me // peace lyrics
26
Music
Jun 9, 2016
peace // world pleasure
15
Music
Jun 4, 2016
Go to Creator's Profile
Score Distribution
Quiz Creator Spotlight
fxirycxkes
Follow
Send a Message
Quizzes Created
-
Created Quiz Play Count
-
More By This Creator
Popular Quizzes Today
1
Colored Red Africa Blitz
2
Find the 'City' Movie
3
Find the US States - No Outlines Minefield
4
5x2 Blitz: Bands
5
The Countries of the World
6
Find the US States
7
Find the Countries of Europe - No Outlines Minefield
8
US States
More Music Quizzes
3 Hits, 1 Click: 1990s
Published
Trending Quizzes
Colored Red Europe Blitz I
Colored Red Europe Blitz II
Colored Red Africa Blitz II
Colored Red Europe Blitz III
Colored Red Africa Blitz III
Recently Updated
How Do You Spell That?
pecheneg
Godzilla Movies
pecheneg
Grab Bag: 4-10 Letters
pecheneg
2024 March Madness Bracket
pecheneg
Famous TV Couples
Peacemaker
Champions League XIs: Real Madrid
pecheneg
Largest US Cities 1790-2010
pecheneg
Rides in Walt Disney World
pecheneg
Most Oscar Losses (Acting)
pecheneg
Beyoncé Albums
pecheneg
Trending Topics
Crossword
Kpop
Harry Potter
Marvel
NBA
Disney
Anime
WWE
NFL
Country
The Office
Soccer
Puzzle
Song
Pokémon
Your Account Isn't Verified!
In order to create a playlist on Sporcle, you need to verify the email address you used during registration. Go to your
Sporcle Settings
to finish the process.
Report this User
Report this user for behavior that violates our
Community Guidelines
.
Details:
Send Report
Go to the Sporcle.com Mobile Site →
Comments